000 02535cam a2200529 a 4500
001 13725200
003 BJBSDDR
005 20251210182753.0
006 a|||||r|||| 00| 0
007 ta
008 040920s2004 nyuaf r 000 0deng d
010 _a 2004558455
020 _a1586483145
020 _a9781586483142
035 _a13725200
035 _a(OCoLC)56388952
040 _aWIR
_cWIR
_dDLC
_beng
041 _aeng
042 _alccopycat
043 _an-us---
050 0 0 _aJK275
_b.K41o 2004
082 0 0 _a320.6/0973
_222
100 1 _aKerry, John,
_d1943-
_924191
245 1 0 _aOur plan for America :
_bstronger at home, respected in the world /
_c[John Kerry, John Edwards].
250 _a1st ed.
260 _aNew York :
_bPublicAffairs,
_cc2004.
300 _a296 pages [16] pages of plates :
_billustrations ;
_c21 cm.
336 _atext
_btxt
_2rdacontent
337 _aunmediated
_bn
_2rdamedia
338 _avolume
_bnc
_2rdacarrier
440 0 _aPublicAffairs reports
505 _aContenidos : Section 1: Security. A strong, respected America An energy independent America Opportunity. Building a strong economy Family. A world-class education for all Affordable health care for all Americans Conclusion: One America Section 2: Selected remarks of John Kerry and John Edwards Biography of John Kerry Biography of John Edwards
520 _aThe Democratic candidates for president and vice-president offer their plans for taking on the challenges facing the United States over the next four years in a volume that also includes campaign speeches and brief profiles of the candidates.
650 0 _aPresidents
_zUnited States
_xElection
_y2004.
651 0 _aUnited States
_xPolitics and government
_y2001-2009.
651 0 _aUnited States
_xEconomic conditions
_y2001-2009.
651 0 _aUnited States
_xSocial conditions
_y1980-2020.
651 0 _aUnited States
_xForeign relations
_y2001-2009.
700 1 _aEdwards, John,
_q(John Reid),
_d1953-
_97441
856 4 2 _3Contributor biographical information
_uhttp://www.loc.gov/catdir/enhancements/fy0828/2004558455-b.html
856 4 2 _3Publisher description
_uhttp://www.loc.gov/catdir/enhancements/fy0828/2004558455-d.html
906 _a7
_bcbc
_ccopycat
_d1
_encip
_f20
_gy-gencatlg
942 _2lcc
_n0
_cBK
946 _iLLH
999 _c126123
_d126123